Gaming Quiz

Random Gaming Quiz

Magic the Gathering Efreeti Quiz Stats

 Plays Quiz not verified by Sporcle

Score 0/20 Timer 10:00
0 Plays Today
% Correct
Wildfire Emissary
85.7%
Serendib Efreet
78.6%
Rainbow Efreet
71.4%
Tempest Efreet
71.4%
Frenetic Efreet
71.4%
Efreet Weaponmaster
64.3%
Ifh-Biff Efreet
64.3%
Uktabi Efreet
64.3%
Ydwen Efreet
64.3%
Harmattan Efreet
64.3%
% Correct
Burning Palm Efreet
57.1%
Junun Efreet
57.1%
Capricious Efreet
57.1%
Shah of Naar Isle
57.1%
Bloodfire Mentor
50%
Fickle Efreet
50%
Shimmering Efreet
50%
Atarka Efreet
42.9%
Bloodfire Expert
35.7%
Smoldering Efreet
21.4%

You're not logged in!

Compare scores with friends on all Sporcle quizzes.
OR
Log In

Sporcle TV

Today on Sporcle TV


Watch our educational content, quiz creation guides, and fun videos on Sporcle TV.

Show Comments

Extras

Top Quizzes Today


Score Distribution

Your Account Isn't Verified!

In order to create a playlist on Sporcle, you need to verify the email address you used during registration. Go to your Sporcle Settings to finish the process.

Report this User

Report this user for behavior that violates our Community Guidelines.

Details: